[Event "NED-ch U20 op"]
[Site "Borne"]
[Date "2013.08.06"]
[Round "3"]
[White "Smit, Maarten"]
[Black "Borkent, Daniel"]
[Result "1/2-1/2"]
[WhiteElo "1764"]
[BlackElo "1822"]
[PlyCount "135"]
[EventDate "2013.08.05"]
[EventType "swiss"]
[EventRounds "9"]
[EventCountry "NED"]
[SourceTitle "EXT 2015"]
[Source "ChessBase"]
[SourceDate "2014.11.20"]
[SourceVersion "1"]
[SourceVersionDate "2014.11.20"]
[SourceQuality "1"]

1. e4 c6 2. d4 d5 3. exd5 cxd5 4. c4 Nf6 5. Nc3 e6 6. Nf3 Be7 7. Bd3 dxc4 8. Bxc4 Nbd7 9. 0-0 Nb6 10. Bb3 0-0 11. Qd3 Nbd5 12. a3 b6 13. Bg5 Bb7 14. Bc2 g6 15. Ne5 Nxc3 16. bxc3 Nd7 17. Nxd7 Qxd7 18. Bh6 Rfd8 19. Rfe1 Bf8 20. Qh3 Qe7 21. f4 Bxh6 22. Qxh6 Rd5 23. f5 Qf6 24. fxg6 hxg6 25. Rf1 Qg5 26. Qh3 Qh5 27. Qxh5 Rxh5 28. Bd1 Rg5 29. Bf3 Bxf3 30. Rxf3 Rc8 31. Raf1 Rc7 32. c4 Rg4 33. d5 exd5 34. cxd5 Rd4 35. Rf4 Rxd5 36. a4 Rd2 37. R4f2 Rxf2 38. Kxf2 Rc2+ 39. Kg3 Ra2 40. Rf4 Kg7 41. h4 Ra1 42. Kg4 Ra3 43. g3 a6 44. Rb4 a5 45. Rxb6 Rxa4+ 46. Kh3 Ra1 47. Ra6 a4 48. Kg2 a3 49. Kh2 a2 50. Kg2 f5 51. Kh2 Kf7 52. Kg2 Ke7 53. Kh2 Kd7 54. Kg2 Kc7 55. Kh2 Kb7 56. Ra3 Kb6 57. Kg2 Kb5 58. Kh2 Kb4 59. Ra8 Kc3 60. Kg2 Kd3 61. Ra3+ Ke4 62. Ra4+ Ke5 63. Ra5+ Kf6 64. Ra6+ Kg7 65. Ra7+ Kh6 66. Ra6 f4 67. gxf4 Kh5 68. Ra4 1/2-1/2

[Event "Enschede op-C U14"]
[Site "Enschede"]
[Date "2009.08.03"]
[Round "3"]
[White "Borkent, Daniel"]
[Black "Maatman, Nick"]
[Result "1/2-1/2"]
[WhiteElo "1459"]
[BlackElo "1992"]
[PlyCount "60"]
[EventDate "2009.08.03"]
[EventType "swiss"]
[EventRounds "7"]
[EventCountry "NED"]
[SourceTitle "CBM 132 Extra"]
[Source "ChessBase"]
[SourceDate "2009.11.03"]
[SourceVersion "1"]
[SourceVersionDate "2009.11.03"]
[SourceQuality "1"]

1. d4 d5 2. c4 c6 3. Bf4 Nf6 4. e3 Bf5 5. Nc3 Nbd7 6. Nf3 h6 7. Qb3 Qb6 8. Rc1 Qxb3 9. axb3 e6 10. Be2 Bb4 11. 0-0 Nh5 12. Bg3 Nxg3 13. hxg3 0-0 14. Na2 Be7 15. c5 Rfb8 16. Nc3 b6 17. b4 bxc5 18. b5 cxd4 19. Nxd4 Bg6 20. Nxc6 Re8 21. Bf3 Nb6 22. e4 Bg5 23. Rcd1 Nc4 24. exd5 Nxb2 25. d6 Nxd1 26. Rxd1 Bc2 27. Ra1 Rad8 28. Nxd8 Rxd8 29. Rxa7 Rxd6 30. Ra8+ Kh7 1/2-1/2